Statistics for College Football Team Colors (Green)

Click here to take the quiz!

General Stats

  • This quiz has been taken 168 times
  • The average score is 11 of 17

Answer Stats

HintAnswer% Correct
B1G 10Michigan State
93%
Pac-12Oregon
90%
Big XIIBaylor
81%
MWHawaii
77%
AmericanTulane
76%
SECFlorida
71%
ACCMiami
71%
MWColorado State
68%
IndependentNotre Dame
68%
MACEastern Michigan
60%
C-USANorth Texas
60%
MACOhio
60%
AmericanSouth Florida
59%
C-USAMarshall
55%
C-USAUAB
40%
C-USA
Charlotte
39%
MWFresno State
33%

Score Distribution

Percentile by Number Answered

Percent of People with Each Score

Your Score History

You have not taken this quiz